[Event "Managua Ramirez de Arellano Memorial"]
[Site "Managua"]
[Date "2021.07.18"]
[Round "5"]
[White "Aleman Martinez, Verania Monserrat"]
[Black "Quintanilla Gallo, Erlis Jose"]
[Result "0-1"]
[WhiteElo "1325"]
[BlackElo "1410"]
[PlyCount "98"]
[EventDate "2021.07.10"]
[EventType "swiss"]
[EventRounds "9"]
[EventCountry "NCA"]
[SourceTitle "EXT 2023"]
[Source "ChessBase"]
[SourceDate "2022.10.05"]
[SourceVersion "1"]
[SourceVersionDate "2022.10.05"]
[SourceQuality "1"]

1. d4 f5 2. c4 e6 3. Nf3 c6 4. Bf4 d5 5. e3 Qa5+ 6. Nbd2 Bb4 7. Bd3 Nf6 8. 0-0 Bxd2 9. Nxd2 0-0 10. Nb3 Qd8 11. h3 Bd7 12. Rc1 b6 13. Qe2 Be8 14. cxd5 Nxd5 15. Bh2 Qg5 16. Bc4 Bh5 17. f3 Nxe3 18. Bxe6+ Kh8 19. Rf2 f4 20. Nd2 Qf6 21. Bg4 Bg6 22. Nb3 h5 23. Rc3 hxg4 24. fxg4 Nd5 25. Rc1 Nd7 26. Rcf1 Rae8 27. Qd2 Qe7 28. Nc1 Qe3 29. Qd1 Qe4 30. Re2 Ne3 31. Qe1 Qxd4 32. Qh4+ Kg8 33. Rfe1 Nf5+ 34. Qf2 Qxf2+ 35. Kxf2 Rxe2+ 36. Rxe2 Ne3 37. Rd2 Nd5 38. Ne2 Nc5 39. Rd4 Nd3+ 40. Kg1 f3 41. gxf3 Rxf3 42. Kg2 Rf2+ 43. Kg1 Rxe2 44. Ra4 Be4 45. Bg3 b5 46. Rxa7 Rg2+ 47. Kh1 Rxg3+ 48. Kh2 Rg2+ 49. Kh1 Nf2# 0-1

[Event "Managua Ramirez de Arellano Memorial"]
[Site "Managua"]
[Date "2021.07.18"]
[Round "6"]
[White "Quintanilla Gallo, Erlis Jose"]
[Black "Martinez, Manuel Alfonzo"]
[Result "0-1"]
[WhiteElo "1410"]
[BlackElo "1570"]
[PlyCount "30"]
[EventDate "2021.07.10"]
[EventType "swiss"]
[EventRounds "9"]
[EventCountry "NCA"]
[SourceTitle "EXT 2023"]
[Source "ChessBase"]
[SourceDate "2022.10.05"]
[SourceVersion "1"]
[SourceVersionDate "2022.10.05"]
[SourceQuality "1"]

1. g4 d5 2. Bg2 Bxg4 3. c4 e6 4. Qb3 Nd7 5. cxd5 Rb8 6. h3 Bf5 7. e4 Bg6 8. dxe6 Nc5 9. exf7+ Bxf7 10. Qc2 Nd3+ 11. Kf1 Qd4 12. Ke2 Bc4 13. Qa4+ b5 14. Qa5 Nxf2+ 15. Ke1 Nxh1 0-1

[Event "Managua Gomez Argenal Memorial"]
[Site "Managua"]
[Date "2021.06.13"]
[Round "7"]
[White "Quintanilla Gallo, Erlis Jose"]
[Black "Perez Salazar, Jimmy Alberto"]
[Result "0-1"]
[WhiteElo "1437"]
[BlackElo "1515"]
[PlyCount "54"]
[EventDate "2021.05.29"]
[EventType "swiss"]
[EventRounds "9"]
[EventCountry "NCA"]
[SourceTitle "EXT 2022"]
[Source "ChessBase"]
[SourceDate "2021.10.06"]
[SourceVersion "1"]
[SourceVersionDate "2021.10.06"]
[SourceQuality "1"]

1. b3 d5 2. Bb2 Nf6 3. e3 Bf5 4. c4 e6 5. h3 Bd6 6. Nf3 c5 7. cxd5 exd5 8. Bb5+ Nbd7 9. Ne5 0-0 10. Nxd7 Nxd7 11. Bxd7 Bxd7 12. d3 Qg5 13. g4 h5 14. Nd2 hxg4 15. hxg4 Bxg4 16. Rg1 f5 17. Nf1 Qh5 18. Kd2 d4 19. Qe1 Rfe8 20. Ng3 dxe3+ 21. fxe3 Qh2+ 22. Ne2 Rxe3 23. Rxg4 Rxe2+ 24. Qxe2 fxg4 25. Qxh2 Bxh2 26. Ke2 Rf8 27. Rh1 g3 0-1

[Event "NCA-ch Fiestas Patrias op"]
[Site "Managua"]
[Date "2020.09.06"]
[Round "8"]
[White "Quintanilla Gallo, Erlis Jose"]
[Black "Berrios Vanegas, Yanko Antonio"]
[Result "0-1"]
[WhiteElo "1491"]
[BlackElo "1440"]
[PlyCount "108"]
[EventDate "2020.08.29"]
[EventType "swiss"]
[EventRounds "9"]
[EventCountry "NCA"]
[SourceTitle "EXT 2022"]
[Source "ChessBase"]
[SourceDate "2021.10.06"]
[SourceVersion "1"]
[SourceVersionDate "2021.10.06"]
[SourceQuality "1"]

1. b3 e5 2. Bb2 Nc6 3. Nf3 d6 4. e3 Nf6 5. d4 e4 6. Nfd2 d5 7. Bb5 Bd6 8. c4 Be6 9. cxd5 Bxd5 10. Nc3 Bb4 11. Nxd5 Qxd5 12. Bxc6+ Qxc6 13. Rc1 Qa6 14. a4 c6 15. Qe2 Qxe2+ 16. Kxe2 Bxd2 17. Kxd2 Nd5 18. Ba3 f5 19. g3 Kd7 20. h4 h5 21. Rc2 g6 22. Rhc1 Rhc8 23. Ke2 Re8 24. Kd2 Rac8 25. Ke2 b6 26. Kd2 a5 27. Ke2 b5 28. axb5 cxb5 29. Rxc8 Rxc8 30. Rxc8 Kxc8 31. Kd2 Kc7 32. Kc2 b4 33. Bb2 Kc6 34. Kd2 Kb5 35. Kc2 Nb6 36. Kd2 a4 37. Kc2 a3 38. Ba1 Kc6 39. Kd2 Kd5 40. Kc2 Nd7 41. Kd2 Nb8 42. Kc2 Nc6 43. Kb1 Na5 44. Ka2 Kd6 45. Bb2 axb2 46. Kxb2 Nc6 47. Kc2 Ne7 48. Kd2 Nd5 49. Kc2 Ke6 50. Kd2 Kf6 51. Kc2 g5 52. Kd2 gxh4 53. gxh4 f4 54. exf4 Kf5 0-1

[Event "NCA-ch Fiestas Patrias op"]
[Site "Managua"]
[Date "2020.09.05"]
[Round "6"]
[White "Quintanilla Gallo, Erlis Jose"]
[Black "Pichardo, Carlos"]
[Result "1/2-1/2"]
[WhiteElo "1491"]
[BlackElo "1649"]
[PlyCount "86"]
[EventDate "2020.08.29"]
[EventType "swiss"]
[EventRounds "9"]
[EventCountry "NCA"]
[SourceTitle "EXT 2022"]
[Source "ChessBase"]
[SourceDate "2021.10.06"]
[SourceVersion "1"]
[SourceVersionDate "2021.10.06"]
[SourceQuality "1"]

1. b3 d5 2. Nf3 c6 3. Bb2 e6 4. e3 f5 5. c4 Nf6 6. Nc3 Nbd7 7. cxd5 cxd5 8. Bb5 Bd6 9. d4 0-0 10. Bxd7 Bxd7 11. 0-0 Rc8 12. a3 a6 13. Rc1 b5 14. Ne2 Qe7 15. Ne5 Bxa3 16. Bxa3 Qxa3 17. Nxd7 Nxd7 18. Nf4 Qd6 19. Rc2 g5 20. Nd3 Rc7 21. Rxc7 Qxc7 22. Qh5 g4 23. Qh6 Qd6 24. Nc5 Rf6 25. Qg5+ Kf7 26. Qh5+ Kg7 27. Qg5+ Kf7 28. Qh5+ Ke7 29. Qxh7+ Rf7 30. Qh4+ Ke8 31. Qh8+ Rf8 32. Qh5+ Ke7 33. Qh7+ Rf7 34. Qh4+ Nf6 35. Ra1 Rh7 36. Qg3 Qxg3 37. hxg3 Ne4 38. Nxe4 dxe4 39. Rxa6 Rh8 40. Rb6 Rc8 41. Kf1 Rc1+ 42. Ke2 Rc2+ 43. Ke1 Rc1+ 1/2-1/2

[Event "Managua Ramirez de Arellano Memorial"]
[Site "Managua"]
[Date "2020.07.26"]
[Round "8"]
[White "Berrios Vanegas, Yanko Antonio"]
[Black "Quintanilla Gallo, Erlis Jose"]
[Result "0-1"]
[WhiteElo "1466"]
[BlackElo "1585"]
[PlyCount "72"]
[EventDate "2020.07.11"]
[EventType "swiss"]
[EventRounds "9"]
[EventCountry "NCA"]
[SourceTitle "EXT 2021"]
[Source "ChessBase"]
[SourceDate "2020.10.23"]
[SourceVersion "1"]
[SourceVersionDate "2020.10.23"]
[SourceQuality "1"]

1. e4 d5 2. e5 Bf5 3. d4 e6 4. Nf3 a6 5. h3 c5 6. Bd3 Bxd3 7. Qxd3 Nc6 8. Bf4 Qb6 9. b3 cxd4 10. 0-0 Bc5 11. Nbd2 Nb4 12. Qe2 Nxc2 13. Rac1 Nb4 14. a3 d3 15. Qd1 Na2 16. Nb1 Nxc1 17. Bxc1 Qc7 18. Qxd3 Ne7 19. Bd2 Nc6 20. Rc1 Be7 21. Qe3 Qd7 22. Bc3 0-0 23. Rd1 b5 24. b4 a5 25. bxa5 Nxa5 26. Bxa5 Rxa5 27. Rd3 Qa7 28. Qxa7 Rxa7 29. Nd4 Rc8 30. Rb3 Rc1+ 31. Kh2 h6 32. f4 Rac7 33. Rxb5 R7c5 34. Rb3 R5c4 35. Ne2 Re1 36. Nbc3 d4 0-1